000 00428cam a2200133 4500
082 0 0 _a922.97
_bAKR
_cL-30, P-42
100 1 _aAkram, A. I.
_944797
245 1 4 _aThe sword of Allah, Khalid bin al-Waleed: his life and campaigns,
_cby A. I. Akram.
260 _aKarachi,
_bNational Pub. House
_c[1970]
300 _axxiv, 504 p.
_bmaps.
_c23 cm.
526 _a0
_b0
_c0
_d922_970000000000000_AKR
650 _aMCE
_9379
942 _2ddc
_cBK
999 _c549495
_d549495